00353 a2200133 4500001000700000003000400007005001700011008004100028082001700069245005600086260003600142300001000178700003100188066680OSt20211006105302.0  a361.77bN49N1 aNGOs and globalizationcedited by Asok Kumar Sarkar aJaipurbRawat Publicationc2008 a284p. aSarkar, Asok KumareEditor